Word Ladder: 'The Way' Band Quiz Stats

 Plays Quiz Updated Oct 23, 2012

Support Sporcle.
Go Orange.
Score 0/9 Timer 01:00
0 Plays Today
Clue 4-letter Word % Correct
Not slowFAST
99.8%
Tom or bull, e.g.MALE
83.4%
CelebrationFEST
77.2%
Soda parlor drinkMALT
74.1%
Cheesy sandwichMELT
73.2%
Craft fabricFELT
73%
Fancy galaBALL
69.5%
Clue murder locationHALL
61%
Revolutionary spy surnameHALE
58.8%

Today's Daily Dose

Missing Word
90s UK #1s

Word Ladder
Full Score

Quick Pick
Prime Books

Get the Picture
Big 4 'P' All-Stars

From the Vault

More Last Names in TV Shows?

by JoeBeta

If you get in trouble, use your Lasso of Truth.
Remove Ads.
Support Sporcle.
Get the best of Sporcle when you Go Orange. This ad-free experience offers more features, more stats, and more fun while also helping to support Sporcle. Thank you for becoming a member.

Show Comments

Extras

Top Quizzes Today


Score Distribution

Your Account Isn't Verified!

In order to create a playlist on Sporcle, you need to verify the email address you used during registration. Go to your Sporcle Settings to finish the process.

Report this User

Report this user for behavior that violates our Community Guidelines.

Details: